Histoire de France par lettre - W - Statistiques

Statistiques générales
  • Ce quiz a été pris 161 fois
  • Le résultat moyen est 8 sur 20
Statistiques - réponses
Indices Réponses % Correct
Dernière bataille de Napoléon, marquant sa chute définitive et la fin des Cent-Jours Waterloo
100%
Père fondateur des États-Unis, meneur de la révolution américaine avec l'aide des Français et fait citoyen d'honneur par ces derniers en 1792 George Washington
96%
Alcool d'origine écossaise, popularisé en France par sa version bretonne appelée "Biniou" Whisky
76%
Philosophe humaniste d'origine juive, connue pour ses travaux sur la condition ouvrière et l'anarchisme puis son engagement dans la Résistance. Homonyme d'une politicienne à l'origine de la dépénalisation de l'avortement Simone Weil
71%
Ce genre cinématographique américain est popularisé en France par des bandes dessinées comme Lucky Luke, Comanche ou Les Tuniques bleues Western
68%
Ce type de voiture de train, conçu pour transporter des voyageurs couchés, fut créé par une compagnie française d'origine belge Wagon-lit
60%
Rémi Gaillard, Cyprien Iov ou Lucas Hauchard en sont des stars Web
60%
Rappeur à succès décédé en 2025, plus gros vendeur de disques en France sur les années 2023 et 2024 Werenoi
54%
Victoire décisive et meurtrière de Napoléon sur l'Empire d'Autriche en 1809 Wagram
43%
Du haut de ses 2,24 mètres, il est le premier Français drafté n°1 de l'histoire de la NBA, et annoncé comme une future légende du basket-ball Victor Wembanyama
42%
Présentes sur tous les fronts de 1940 à 1945, ces unités allemandes perpètrent de nombreux massacres en France Waffen-SS
40%
Footballeur international français d'origine martiniquaise, vainqueur avec les Bleus de l'Euro 2000, en inscrivant le but égalisateur en finale face à l'Italie Sylvain Wiltord
37%
Dessinateur de presse, abattu lors de l'attentat du 7 janvier 2015 contre Charlie Hebdo Georges Wolinski
22%
Instigateur de la légalisation des syndicats et de la loi de 1901 sur les associations, le cabinet de ce républicain libéral est le plus long de la IIIe République Pierre Waldeck-Rousseau
21%
Député à l'origine du scandale des décorations, entraînant la démission de son beau-père Jules Grévy du poste de président de la République en 1887 Daniel Wilson
9%
Général décoré de la Légion d'honneur, bras droit du maréchal Foch en 1914 puis commandant en chef de l'armée française en 1940, il finit par collaborer partiellement avec Vichy Maxime Weygand
9%
Village du Nord de la France, célèbre pour la bataille révolutionnaire que les Français y remportent sur le Saint-Empire en octobre 1793 Wattignies
9%
Rescapé de la Shoah, cet éminent écrivain et professeur américain d'origine roumaine, lauréat du Prix Nobel de la Paix en 1986, suit ses études en France, qui le fait grand-croix de la Légion d'honneur Elie Wiesel
4%
Sénateur et député européen, passé par la Ligue Communiste puis membre du Parti socialiste pendant 34 ans Henri Weber
3%
Diplomate franco-britannique, président du Conseil sous la IIIe République puis ambassadeur de France à Londres William Waddington
2%
Aucun quiz correspondant
Distribution des résultats
% des personnes avec chaque résultat
Percentile par nombre de réponses
Votre historique - résultats
Vous n’avez pas pris ce quiz